Clubs de Championship (2023-2024) - Statistiques

Statistiques générales
  • Ce quiz a été pris 34 fois
  • Le résultat moyen est 16 sur 24
Statistiques - réponses
% Correct
Championship Leeds United
89%
Championship Leicester City
89%
Championship Birmingham City
81%
Championship Norwich City
81%
Championship Southampton
81%
Championship Sunderland
78%
Championship West Bromwich Albion
74%
Championship Cardiff City
70%
Championship Coventry City
70%
Championship Huddersfield Town
67%
Championship Ipswich Town
67%
Championship Swansea City
67%
Championship Bristol City
63%
Championship Hull City
63%
Championship Middlesbrough
63%
Championship Queens Park Rangers
63%
Championship Plymouth Argyle
59%
Championship Stoke City
59%
Championship Watford
59%
Championship Blackburn Rovers
56%
Championship Milwall
56%
Championship Preston North End
56%
Championship Sheffield Wednesday
52%
Championship Rotherham United
41%
Aucun quiz correspondant
Distribution des résultats
% des personnes avec chaque résultat
Percentile par nombre de réponses
Votre historique - résultats
Vous n’avez pas pris ce quiz